Music Quiz

Random Music or Artist Quiz
Score 0/31 Timer 05:00
1 Play Today
# Artist % Correct
10The Beatles
86%
20Madonna
85.5%
15Michael Jackson
82.3%
12Elvis Presley
74.3%
17The Rolling Stones
71.1%
13Janet Jackson
68.9%
16Elton John
57%
11Frank Sinatra
48.8%
17Mariah Carey
45.2%
10Britney Spears
40.3%
15Whitney Houston
39.4%
14Paul McCartney/Wings
37.2%
12Prince
31.7%
11Cher
31.1%
10Billy Joel
30.4%
11Rihanna
28.1%
# Artist % Correct
18Stevie Wonder
27.2%
10Jay-Z
26%
14Bing Crosby
24.5%
10Barbra Streisand
15.1%
14Rod Stewart
14.3%
10Marvin Gaye
14.2%
16Perry Como
14%
12Neil Diamond
12.3%
15Chicago
10.8%
14Nat King Cole/King Cole Trio
8.8%
11Dionne Warwick
5.4%
11The Andrews Sisters
5.3%
11Dinah Shore
2.1%
11Vaughn Monroe
1.5%
11Jo Stafford
1.1%
Come Together.
Have Fun.
All Virtual.
We all need to come together. Play Sporcle's virtual live trivia to have fun, connect with people, and get your trivia on. Join a live hosted trivia game for your favorite pub trivia experience done virtually. If a virtual private party is more your thing, go here for details.

You're not logged in!

Compare scores with friends on all Sporcle quizzes.
OR
Log In

Sporcle TV

Today on Sporcle TV


Watch our educational content, quiz creation guides, and fun videos on Sporcle TV.

Show Comments

Extras

Top Quizzes Today


Score Distribution

Paid Content

Your Account Isn't Verified!

In order to create a playlist on Sporcle, you need to verify the email address you used during registration. Go to your Sporcle Settings to finish the process.

Report this User

Report this user for behavior that violates our Community Guidelines.

Details: